Statistics for EU Countries Travelling to Other EU Countries

Click here to take the quiz!

General Stats

  • This quiz has been taken 931 times
  • The average score is 18 of 28

Answer Stats

EU country that travels......to this EU country% Correct
DenmarkGermany
99%
PolandGermany
79%
IrelandUnited Kingdom
75%
EstoniaFinland
72%
FranceSpain
72%
SpainFrance
71%
PortugalSpain
71%
LuxembourgFrance
70%
BelgiumFrance
70%
ItalyFrance
69%
SwedenSpain
69%
United KingdomSpain
67%
GermanyAustria
65%
NetherlandsFrance
65%
AustriaItaly
64%
Czech RepublicSlovakia
64%
FinlandEstonia
63%
CyprusGreece
61%
SloveniaCroatia
58%
LatviaGermany
58%
LithuaniaGermany
57%
MaltaUnited Kingdom
56%
CroatiaSlovenia
54%
SlovakiaAustria
50%
BulgariaGreece
50%
RomaniaGreece
42%
HungaryCroatia
35%
GreeceFrance
35%

Score Distribution

Percentile by Number Answered

Percent of People with Each Score

Your Score History

You have not taken this quiz